| 000 | 00579cam a2200217 4500 | ||
|---|---|---|---|
| 008 | 090401t1995 xxu||||| |||| 00| 0 eng d | ||
| 020 | _a056607575X | ||
| 035 | _a(Sirsi) u27819 | ||
| 041 | _aeng | ||
| 050 | _a693.892 | ||
| 100 | _aEndean, Kenneth F. | ||
| 245 | _aInvestigating rainwater penetration of modern buildings. | ||
| 260 |
_aAldershot, Hants. _bGower _c1995 |
||
| 300 | _axix,208p. : ill. ; 24cm. | ||
| 350 | _a49.5 | ||
| 650 | _aDAMP | ||
| 650 | _aRAIN PENETRATION | ||
| 690 | _aBUILT ENVIRONMENT-BUILDING PATHOLOGY | ||
| 942 | _n0 | ||
| 948 | _c04/03/1997 | ||
| 999 |
_c89166 _d89166 |
||